000 00733nam a2200205Ia 4500
003 GCL
008 140319s9999 xx 000 0 ara d
040 _aGCL /
_cGCL
082 0 4 _aق
_b932
_bر ت
100 1 _aرمضان السيد
245 1 0 _aتاريخ مصر القديمة /
_cرمضان السيد
260 _aالقاهرة :
_bهيئة الاثار المصرية ،
_c1993
300 _a347 + 420 ص ؛
_c24 سم
490 _aنحو وعى حضارى معاصر \ سلسلة الثقافة الاثرية والتاريخية
_v16
650 0 4 _aتاريخ
650 0 4 _aالحضارة الفرعونية
650 0 4 _aعلم المصريات
650 0 4 _aمصر القديمة - تاريخ
942 _2ddc
_cBK
999 _c52862
_d52862